02142nkc a2200313za 450000100060000000300040000600500170001000700070002700800410003404000240007524501150009924600590021426000350027330000970030850003040040550003790070950000880108854400760117660000560125261000580130865100250136665500420139171000580143385200120149185601500150394200250165395201330167899900170181184575OSt20260423160248.0kh boc250410s1909 sp ||||| ||||||0| i|spa d cM-RABAaM-RABAbspa03aEl rey arma caballero al Cid b: (El rey D. Fernando Magno)h[Material gráfico]c/ José Rodríguez Díaz aEl rey don Fernando el Grande armando Caballero al Cid b[Hauser y Menet]c, [ca. 1909] a1 fotografía b: gelatina de platac; imagen 17,5 x 14 cmc; soporte secundario 30 x 24 cm aFotografía del relieve "El rey don Fernando el Grande armando Caballero al Cid" de Manuel Álvarez, obteniendo el primer premio de la Academia en Escultura, de segunda clase en el año 1769. Se conserva en el Museo de la Real Academia de Bellas Artes de San Fernando con nº de inventario E-307. aMontada sobre un soporte secundario de cartón, con texto manuscrito a lápiz en la parte inferior al recto: "El Rey arma caballero al Cid (El Rey D. Fernando Magno). 1769. Concurso. 2ª clase. 1º premio de la 2ª clase (tachado: D. José Rodríguez Díaz) 2º premio de 2ª clase D. José Martínez Reyna". Nota manuscrita al verso a lápiz rojo: "1769-2ª clase". aFecha probable de la realización de la fotografía realizada por Hauser y Menet. aArchivo de la Real Academia de Bellas Artes de San Fernando (Le-4-29-1)10aRodríguez Díaz, Joséd(ca. 1746-1817)911168824aReal Academia de Bellas Artes de San Fernando.975832 7aMadrid2embne975182 7aFotografías de obras de arte9756752 aReal Academia de Bellas Artes de San Fernando.975832 jFot-605 3Fot-605uhttps://archivoybiblioteca.realacademiabellasartessanfernando.com/cgi-bin/koha/opac-retrieve-file.pl?id=95f00c05bc7f326730630dddad644f05 2ddccFOTOGRAFÍAn0 00102ddc40708FOTOGRAFIAaRABASFbRABASFcDP2d2025-04-28l0oFot-605p1095458r2025-04-28 10:27:08w2025-04-28yFOTOGRAFÍA c84575d84575